00659nam a22001577a 450000500170000000800410001704000230005810000490008124501760013026000650030630000250037150000240039665000490042065000170046965000150048620240627064743.0240514b |||||||| |||| 00| 0 eng d aKMUcKMUdKMUerda aNational Water Supply and Sanitation Council aUrban and Per-Urban Water Supply and Sanitation Sector Report:b15 years(2000-2015) ensuring better services and fair value /cNational Water Supply and Sanitation Council aLusaka:bNational Water Supply and Sanitation Councilc2015. a77 P.: bill.;c24cm aIncludes conclusion aNational Water Supply and Sanitation Council awater Supply asanitation